الأساسيات الرقمية والتصميم المنطقي = (رقم التسجيلة. 13888)

تفاصيل مارك
000 -الفاتح
حقل البيانات ثابتة الطول 00906nam a22002177a 4500
003 - محدد رقم الضبط
رقم الضبط OSt
005 - وقت وتاريخ اخر تعامل مع التسجيلة
رقم الضبط 20150408113914.0
008 - عناصر البيانات ثابتة الطول - معلومات عامة
حقل البيانات ثابتة الطول 110827s 2010jo a g |||| 00| 0 ara d
040 ## - مصدر الفهرسة
وكالة النسخ دار اجنادين
082 ## - رقم تصنيف ديوى العشرى
رقم الطبعة 21
رقم التصنيف 621.38
رقم المادة ق ز أ
100 ## - المدخل الرئيسى - إسم شخصى
الإسم الشخصى القاضي، زياد عبد الكريم.
9 (RLIN) 3217
245 ## - بيان العنوان
العنوان الأساسيات الرقمية والتصميم المنطقي =
بقية العنوان Digital fundamentals & logic design /
بيان المسئوليه,etc زياد عبد الكريم القاضي، بلال زهران.
250 ## - بيان الطبعة
بيان الطبعة ط. 1.
260 ## - PUBLICATION, DISTRIBUTION, ETC. (IMPRINT)
مكان الناشر او الموزع عمان، الأردن :
اسم الناشر او الموزع مكتبة المجتمع العربي،
تاريخ النشر أو التوزيع 2010
300 ## - الوصف المادى
التعداد 216 ص. :
تفاصيل ماديه اخرى للوعاء أشكال ؛
أبعاد الوعاء 24سم.
504 ## - تبصرة ببليوجرافية
تبصرة ببليوجرافية,الخ قائمة ببليوجرافية.
650 ## - المدخل الاضافى بالموضوع-مصطلح موضوعى
مصطلح موضوعي أو اسم جغرافي كعنصر مدخل أنظمة المعلومات.
9 (RLIN) 3483
650 ## - المدخل الاضافى بالموضوع-مصطلح موضوعى
مصطلح موضوعي أو اسم جغرافي كعنصر مدخل الإشارة الرقمية (هندسة الاتصالات)
9 (RLIN) 3484
700 ## - المدخل الاضافى - اسم شخصى
الإسم الشخصى زهران، بلال.
9 (RLIN) 3417
942 ## - عناصر المدخل الإضافي( كوها)
مصدر التصنيف او مخطط الترفيف Dewey Decimal Classification
Koha [default] item type DVD
المقتنيات
حالة الفقد نموذج السعر الفعال حالة تلف ليس للاعارة رقم الطلب تاريخ الاكتساب الموقع الحالي الباركود الفرع الرئيسي Date last seen نوع المادة فى نظام كوها مصدر التصنيف او خطة الترفيف Total Checkouts
  2017-03-15     621.38 ق ز أ 2017-03-15 المكتبة المركزية بالمجمعة (CL) 00706620 المكتبة المركزية بالمجمعة (CL) 2017-03-15 DVD Dewey Decimal Classification  
  2017-03-15     621.38 ق ز أ 2017-03-15 المكتبة المركزية بالمجمعة (CL) 00706621 المكتبة المركزية بالمجمعة (CL) 2017-03-15 DVD Dewey Decimal Classification  
  2017-03-15     621.38 ق ز أ 2017-03-15 المكتبة المركزية بالمجمعة (CL) 00706622 المكتبة المركزية بالمجمعة (CL) 2017-03-15 DVD Dewey Decimal Classification  
  2013-03-10     621.38 ق ز أ 2011-08-27 قسم الاجراءات الفنية (IC) 00102131 قسم الاجراءات الفنية (IC) 2013-03-10 كتاب Dewey Decimal Classification  
  2013-03-10     621.38 ق ز أ 2011-08-27 قسم الاجراءات الفنية (IC) 00102132 قسم الاجراءات الفنية (IC) 2013-03-10 كتاب Dewey Decimal Classification  
  2013-03-10     621.38 ق ز أ 2011-08-27 قسم الاجراءات الفنية (IC) 00102133 قسم الاجراءات الفنية (IC) 2013-03-10 كتاب Dewey Decimal Classification